| 000 | 01343cam a2200445 4500 | ||
|---|---|---|---|
| 003 | PE-LiUPU | ||
| 005 | 20250731172702.0 | ||
| 020 | _a0060663537 | ||
| 035 | _a(Sirsi) i9780060663537 | ||
| 035 | _a(Sirsi) 20726 | ||
| 035 | _a(Sirsi) 20726 | ||
| 041 | _aen | ||
| 044 | _aus | ||
| 082 | 0 | 4 |
_a253 _bO33 |
| 100 | 1 | _aOden, Thomas C. | |
| 245 |
_aPastoral theology: _bessentials of ministry / _cThomas C. Oden. |
||
| 264 | 1 |
_aSan Francisco : _bHarper Collins Publishers, _c1983 |
|
| 300 |
_a372 páginas ; _c24 cm. |
||
| 504 | _aIncluye bibliografía | ||
| 505 | 0 | _aBecoming a minister -- The pastoral office -- What clergy do and why -- Pastoral counsel -- Crisis ministry | |
| 526 | _aSEG42 | ||
| 526 | _aSEG41 | ||
| 526 | _aSEG40 | ||
| 526 | _aSEG39 | ||
| 526 | _aP94 | ||
| 526 | _aP87 | ||
| 526 | _aP86 | ||
| 526 | _aP85 | ||
| 526 | _aP77 | ||
| 526 | _aP76 | ||
| 526 | _aP35 | ||
| 650 | 1 | 4 |
_aTeología pastoral _91381 |
| 942 |
_2ddc _cBOOK |
||
| 949 |
_a253 O33 _i43628 _lPOSTGRADO _mBUL _tLIBRO _o.STAFF. Posgrado |
||
| 859 |
_q43628 _h253 _iO33 |
||
| 910 | _aaj-hd | ||
| 596 | _a1 | ||
| 999 |
_a253 O33 _wDEWEY _c92 _i43628 _f2021-11-10 _g5 _lCCODEBUL1 _mBUL _r0 _sY _tBOOK _u2015-6-16 _xTEOLOGIA _zUNKNOWN _0COMPRA _o.STAFF. Colección General _d92 |
||
| 980 |
_81 _gALBERTO SANCHEZ Responsable de Automatización |
||